El chileno en Madrid: novela

Saved in:
Bibliografiske detaljer
Hovedforfatter: Edwards Bello, Joaquín (Author)
Format: Bog
Sprog:spansk
Udgivet: Santiago Nascimento 1974
Udgivelse:3a. ed
Fag:
Tags: Tilføj Tag
Ingen Tags, Vær først til at tagge denne postø!

MARC

LEADER 00000nam a2200000 a 4500
001 UCZ0013
003 CL-VaPUC
008 950724e19740000CL |||||||||||||||||spa|d
082 0 4 |a Ch863  |b EDW  |2 21 
100 0 |a Edwards Bello, Joaquín  |e author  |9 342584 
245 1 3 |a El chileno en Madrid: novela 
250 |a 3a. ed 
300 |a 306 p 
942 |c BK 
945 |d 19950724 00:00:00  |a cmena 
260 |a Santiago  |b Nascimento  |c 1974 
650 0 |a Novelas chilenas   |9 265425 
650 0 |a Literatura chilena   |9 308278 
583 |a last modification  |c 19950724 00:00:00  |k Rodrigo Vera 
999 |c 236992  |d 236990 
952 |0 0  |1 0  |4 0  |6 CH_863_000000000000000_EDW_1974  |7 0  |8 A  |9 245604  |a BIBEDU  |b BIBEDU  |d 2019-11-18  |i 1540483  |o Ch863 EDW 1974  |p 1540483  |r 2019-11-18  |w 2019-11-18  |y BK  |k EDU 
952 |0 0  |1 0  |4 0  |6 CH_863_000000000000000_EDW_1974  |7 0  |8 A  |9 245605  |a BIBEDU  |b BIBEDU  |d 2019-11-18  |i 1444204  |o Ch863 EDW 1974  |p 1444204  |r 2019-11-18  |w 2019-11-18  |y BK  |k LIT 
952 |0 0  |1 0  |4 0  |6 CH_863_000000000000000_EDW_1974  |7 0  |8 A  |9 245606  |a BIBEDU  |b BIBEDU  |d 2019-11-18  |i 1444255  |o Ch863 EDW 1974  |p 1444255  |r 2019-11-18  |w 2019-11-18  |y BK  |k LIT 
952 |0 0  |1 0  |4 0  |6 CH_863_000000000000000_EDW_1974  |7 0  |8 A  |9 245607  |a BIBEDU  |b BIBEDU  |d 2019-11-18  |i 1444301  |o Ch863 EDW 1974  |p 1444301  |r 2019-11-18  |w 2019-11-18  |y BK  |k LIT 
952 |0 0  |1 0  |4 0  |6 CH_863_000000000000000_EDW_1974  |7 0  |8 A  |9 245608  |a BIBEDU  |b BIBEDU  |d 2019-11-18  |i 3258580  |o Ch863 EDW 1974  |p 3258580  |r 2019-11-18  |w 2019-11-18  |y BK  |k LIT 
952 |0 0  |1 0  |4 0  |6 CH_863_000000000000000_EDW_1974  |7 0  |8 X  |9 245609  |a FDOBUD  |b FDOBUD  |d 2019-11-18  |i 455745K  |o Ch863 EDW 1974  |p 455745K  |r 2019-11-18  |w 2019-11-18  |y BK_X  |k BUD